Who Did That Indie Song Quiz - Statistics

General Stats
  • This quiz has been taken 23,482 times
    17,472 since last reset
  • The average score is 8 of 22
Answer Stats
Year Song Band or Artist % Correct
2003 Mr. Brightside The Killers
87%
2012 Ho Hey The Lumineers
68%
2004 Take Me Out Franz Ferdinand
66%
2005 I Bet You Look Good on the Dancefloor Arctic Monkeys
61%
2008 Electric Feel MGMT
57%
2001 Last Nite The Strokes
50%
2002 Fell in Love with a Girl The White Stripes
45%
2011 Lonely Boy The Black Keys
43%
2004 Float On Modest Mouse
41%
2004 I Predict a Riot The Kaiser Chiefs
39%
2004 Maps Yeah Yeah Yeahs
29%
2009 Sigh No More Mumford & Sons
26%
1989 Monkey Gone to Heaven The Pixies
26%
2003 Such Great Heights The Postal Service
22%
2001 New Slang The Shins
22%
2007 Keep the Car Running Arcade Fire
20%
2007 D.A.N.C.E Justice
20%
2008 I Will Possess Your Heart Death Cab for Cutie
19%
2010 Giving Up the Gun Vampire Weekend
17%
1993 She Don't Use Jelly The Flaming Lips
14%
2002 Jesus, etc. Wilco
13%
2004 Naked as We Came Iron & Wine
11%
No matching quizzes found
Score Distribution
Percent of People with Each Score
Percentile by Number Answered
Your Score History
You have not taken this quiz since the last reset